000 01169nam a2200265 a 4500
001 62197
003 BD-RjUL
005 20211209081043.0
008 170122s1985 bg a eng |
020 _c: Complimentary
035 _a(BD-RjUL)62322
040 _aANL
_beng
_dANL
_cBD-RjUL
041 _aeng
082 _223
_a304.6095492021
_bPAT 1985 (TS)
110 _aBangladesh Bureau of Statistics
_9179266
245 0 0 _aBangladesh population census, 1981:
_bCommunity tables of all Thanas of Patuakhali District : Barguna and Patuakhali sadar sub - division /
_cBangladesh Bureau of Statistics
260 _aDhaka, :
_bBangladesh Bureau of Statistics,
_c1985
300 _aLXXXIX, 234 p:
_bIll ;
_c28 cm.
490 _aThana series: Community tables of all Thanas of Patuakhali District: Barguna and Patuakhali sadar sub - division
505 0 _aPatuakhali District
651 _aBangladesh
_zPatuakhali
_xPopulation
_vStatistics
_y1981
_9185093
651 _aBangladesh
_zPatuakhali
_vcensus,1981
_9184995
830 _aThana series: Community tables of all Thanas of Patuakhali District : Barguna and Patuakhali sadar sub - division
_9185094
942 _2ddc
_cRAR
999 _c62197
_d62197